000 00395nam a2200169Ia 4500
003 OSt
005 20240405104856.0
008 170619s9999 xx 000 0 und d
020 _a9780070482838
040 _cIIMT ENGINEERING COLLEGE
100 _aBeri- G. C.
245 0 _aStatistics for management
260 _bNew Delhi T M H
260 _c2003
546 _aENGLISH
942 _2ddc
_c02
999 _c21804
_d21804